[Event "Catalunya-chT Gp2"]
[Site "Barcelona"]
[Date "2022.01.22"]
[Round "1.9"]
[White "Alvarez Serra, Jordi"]
[Black "Marmol Soley, Enrique"]
[Result "0-1"]
[WhiteElo "1909"]
[BlackElo "2073"]
[PlyCount "88"]
[EventDate "2022.01.22"]
[EventType "team-tourn"]
[EventRounds "9"]
[EventCountry "ESP"]
[SourceTitle "CBM 206 Extra"]
[Source "ChessBase"]
[SourceDate "2022.03.31"]
[SourceVersion "1"]
[SourceVersionDate "2022.03.31"]
[SourceQuality "1"]
[WhiteTeam "Figueres"]
[BlackTeam "Barbera"]
[WhiteTeamCountry "ESP"]
[BlackTeamCountry "ESP"]

1. Nf3 c5 2. c4 Nc6 3. Nc3 Nf6 4. g3 d5 5. cxd5 Nxd5 6. Qa4 Nb6 7. Qb5 f6 8. Qxc5 e5 9. Qb5 Be6 10. e3 a6 11. Qe2 Qd7 12. d4 0-0-0 13. Bg2 exd4 14. Nxd4 Nxd4 15. exd4 Bb4 16. Be3 Bc4 17. Qc2 Nd5 18. 0-0-0 Bxc3 19. bxc3 Qb5 20. Qb2 Qa5 21. Bxd5 Rxd5 22. Rd2 Rb5 23. Qc2 Bd5 24. Rg1 Re8 25. c4 Be4 26. cxb5+ Bxc2 27. Rxc2+ Kb8 28. Bf4+ Ka8 29. bxa6 Qxa6 30. Be3 Qa3+ 31. Kd2 Qa5+ 32. Kc1 g5 33. Rd1 Qd5 34. Kb1 Re6 35. Ka1 Ra6 36. Rb1 h6 37. Rbb2 Kb8 38. Rc5 Qh1+ 39. Rb1 Qxh2 40. d5 Qh3 41. Rcb5 Qd7 42. Bb6 f5 43. Rc5 Qg7+ 44. Rb2 Rxb6 0-1

[Event "Mislata op-B 47th"]
[Site "Mislata"]
[Date "2013.08.16"]
[Round "7"]
[White "Marmol Soley, Enrique"]
[Black "Ortega Gadea, Santiago"]
[Result "1-0"]
[WhiteElo "2061"]
[BlackElo "2028"]
[PlyCount "57"]
[EventDate "2013.08.12"]
[EventType "swiss"]
[EventRounds "9"]
[EventCountry "ESP"]
[SourceTitle "EXT 2014"]
[Source "ChessBase"]
[SourceDate "2013.11.20"]
[SourceVersion "1"]
[SourceVersionDate "2013.11.20"]
[SourceQuality "1"]

1. d4 g6 2. e4 Bg7 3. c4 d6 4. Nc3 Nf6 5. f3 0-0 6. Be3 Nbd7 7. Qd2 c6 8. 0-0-0 Qa5 9. Bh6 e5 10. d5 cxd5 11. cxd5 Rb8 12. Kb1 b5 13. g4 b4 14. Nce2 Ba6 15. h4 Nc5 16. Nc1 Rb6 17. h5 Bxf1 18. Rxf1 Ra6 19. Nge2 Nb3 20. Qe3 Nxc1 21. Nxc1 Bxh6 22. Qxh6 Rc8 23. hxg6 fxg6 24. g5 Rxc1+ 25. Kxc1 Qxa2 26. gxf6 Qc4+ 27. Kd2 Qd4+ 28. Ke2 Qxb2+ 29. Qd2 1-0

[Event "Mislata op-B 47th"]
[Site "Mislata"]
[Date "2013.08.15"]
[Round "6"]
[White "Zaragoza Montesinos, Ignasi"]
[Black "Marmol Soley, Enrique"]
[Result "0-1"]
[WhiteElo "1986"]
[BlackElo "2061"]
[PlyCount "76"]
[EventDate "2013.08.12"]
[EventType "swiss"]
[EventRounds "9"]
[EventCountry "ESP"]
[SourceTitle "EXT 2014"]
[Source "ChessBase"]
[SourceDate "2013.11.20"]
[SourceVersion "1"]
[SourceVersionDate "2013.11.20"]
[SourceQuality "1"]

1. e4 c5 2. Nc3 Nc6 3. g3 g6 4. Bg2 Bg7 5. d3 e6 6. Be3 Nd4 7. f4 Ne7 8. Nf3 d5 9. Bxd4 cxd4 10. Ne2 Qb6 11. Rb1 0-0 12. Nd2 dxe4 13. dxe4 e5 14. Nb3 Nc6 15. fxe5 Bg4 16. Qd2 Nxe5 17. Qa5 Qf6 18. Nf4 Nc4 19. Nd5 Qe5 20. Qc5 Nd6 21. Nf4 Qxc5 22. Nxc5 Rac8 23. Nfd3 b6 24. h3 bxc5 25. hxg4 Rfe8 26. Nf2 Nxe4 27. Nxe4 f5 28. gxf5 gxf5 29. Rh4 fxe4 30. Bxe4 Rc7 31. Kd2 h6 32. Re1 Rd8 33. b3 Bf6 34. Rh5 Bg5+ 35. Kd3 Rf8 36. Rhh1 Rf2 37. Rhf1 c4+ 38. bxc4 Rd2# 0-1

[Event "Barbera del Valles op B 29th"]
[Site "Barbera del Valles"]
[Date "2006.07.07"]
[Round "3"]
[White "L'Hermitte, Emmanuel"]
[Black "Marmol Soley, Enrique"]
[Result "1-0"]
[WhiteElo "2019"]
[BlackElo "2100"]
[PlyCount "111"]
[EventDate "2006.07.05"]
[EventType "swiss"]
[EventRounds "9"]
[EventCountry "ESP"]
[SourceTitle "EXT 2022"]
[Source "ChessBase"]
[SourceDate "2021.10.06"]
[SourceVersion "1"]
[SourceVersionDate "2021.10.06"]
[SourceQuality "1"]

1. d4 d5 2. c4 e6 3. Nc3 c6 4. e3 f5 5. Bd3 Nf6 6. Nge2 Bd6 7. f3 Nh5 8. 0-0 Qh4 9. f4 0-0 10. Bd2 Nf6 11. Qe1 Qh6 12. Rf3 Ne4 13. Bxe4 fxe4 14. Rh3 Qg6 15. Rg3 Qh5 16. Rh3 Qf7 17. Qh4 h6 18. g4 Na6 19. a3 c5 20. cxd5 exd5 21. f5 cxd4 22. exd4 Nc7 23. Bxh6 gxh6 24. Qxh6 Qg7 25. Qxd6 Rxf5 26. Rh6 Ne8 27. Qg6 Rf7 28. Nxd5 Bxg4 29. Nef4 Rd8 30. Qxg7+ Nxg7 31. Nf6+ Rxf6 32. Rxf6 Rxd4 33. h3 Bf3 34. Rg6 Kf7 35. Rxg7+ Kf6 36. Rg8 Kf7 37. Rg3 Rd2 38. b4 Kf6 39. Ng2 Ke5 40. Rf1 Bd1 41. h4 Kd4 42. Ne3 Bh5 43. Rf5 Bf3 44. Rgxf3 exf3 45. Rxf3 Ke4 46. Rf2 Rd3 47. Nc2 Rh3 48. Rh2 Rg3+ 49. Kf2 Rc3 50. Ke1 Kf4 51. Kd2 Rc6 52. h5 Kg3 53. Rh1 Kg2 54. Re1 Rh6 55. Re5 Rb6 56. Nd4 1-0